Statistiques concernant Top 30 des personnages d'Harry Potter par temps à l'écran

Cliquez ici pour prendre le quiz!

Statistiques générales

  • Ce quiz a été pris 1 984 fois
  • Le résultat moyen est 22 sur 32

Statistiques - réponses

Temps total à l'écranPersonnage% Correct
8h 59min 15sHarry Potter
99%
3h 25min 00sHermione Granger
99%
3h 31min 45sRon Weasley
99%
1h 17min 15sAlbus Dumbledore
96%
0h 43min 15sSeverus Rogue
93%
0h 37min 15sV........ (moins fort quand vous tapez son nom !)
92%
0h 31min 45sDrago Malefoy
90%
0h 45min 45sRubeus Hagrid
90%
0h 28min 45sMinerva McGonagall
85%
0h 20min 45sSirius Black
85%
0h 19min 45sFred Weasley
83%
0h 20min 15sGeorge Weasley
83%
0h 30min 15sGinny Weasley
82%
0h 26min 00sRemus Lupin
82%
0h 28min 15sNeville Londubat
81%
0h 17min 15sLuna Lovegood
77%
0h 10min 30sBellatrix Lestrange
75%
0h 15min 15sLucius Malefoy
72%
0h 09min 45sMolly Weasley
71%
0h 15min 45sArthur Weasley
67%
0h 11min 15sDobby
67%
0h 08min 15sCedric Diggory
61%
0h 16min 00sDolores Ombrage
59%
0h 08min 15sPeter Pettigrow
55%
0h 09min 45sDudley Dursley
51%
0h 08min 15sPétunia Dursley
46%
0h 11min 00sVernon Dursley
44%
0h 09min 45sSeamus Finnigan
43%
0h 09min 15sCornelius Fudge
31%
0h 10min 30sGilderoy Lockhart
29%
0h 18min 45sHorace Slughorn
29%
0h 16min 15sBarty Croupton Jr.
21%

Distribution des résultats

Percentile par nombre de réponses

% des personnes avec chaque résultat

Votre développement - résultats

Vous n’avez pas pris ce quiz